000 01222na a2200349 4500
001 14628
003 MIRAKIL
005 20181213155255.0
008 161101b tu 000 0
020 _a9786053990475
035 _a14628
040 _aMilas
_btur
_cTR-AnCHP
041 _atur
082 _a304.8
_bE57 2008
090 _a304.8 E57 2008
245 _aentegrasyonun ötesinde Türkiye'den Fransa'ya göç ve göçmenlik halleri
_cderleyenler Didem Danış, Verda İrtiş
246 _aTürkiye'den Fransa'ya göç ve göçmenlik halleri
260 _aİstanbul
_bİstanbul Bilgi Üniversitesi Yayınları
_c2008
300 _a392 s.
_btbl.
_c23 sm.
490 _aİstanbul Bilgi Üniversitesi yayınları
_v210
490 _aGöç çalışmaları
_v8
500 _aDizin var.
650 _aGöçmenler
_xSiyasal katılım
_zFransa
650 _aGöç ve göçmenlik
_xKültürel asimilasyon
_zFransa
650 _aGöçmen işgücü
_xTürkler
_ySosyo ekonomik durum
_zFransa
651 _aTürkiye
_xDış ilişkiler
_zFransa
651 _aFransa
_xGöç politikaları
651 _aFransa
_xEtnik ilişkiler
_yTürkler
700 _aDanış, Didem
700 _aİrtiş, Verda
942 _2dcc
_cBKS
999 _c9738
_d9738